| 000 | 00414nam a2200109Ia 4500 | ||
|---|---|---|---|
| 008 | 170221s9999 xx 000 0 und d | ||
| 100 | _aShih-Cheng, Lee. | ||
| 245 | 3 | _aAn Empirical Investigation of the Ohlson Model–A Panel Cointegration Approach | |
| 245 | _cShih-Cheng Lee, Jiun-Lin Chen, and Ming-Shann Tsa | ||
| 650 | _xBusiness | ||
| 856 | _uhttp://ro.uow.edu.au/cgi/viewcontent.cgi?article=1478&context=aabfj | ||
| 999 |
_c307415 _d307415 |
||